Statistics for Seinfeld Quotes

Click here to take the quiz!

General Stats

  • This quiz has been taken 24,501 times
    (7,687 since last reset)
  • The average score is 13 of 20

Answer Stats

Who Said ItQuote% Correct
JerryI'm not gay. Not that there's {anything} {wrong} with that.
96%
Soup NaziNo soup {for} {you}
96%
GeorgeIt's not a lie if you {believe} it
84%
Sidra (Teri Hatcher)Oh, by the way, they're {real} and they're spectacular!
80%
JerryShe had man {hands}
80%
JerryBut are you still {master} of your domain?
75%
ElaineMaybe the {dingo} ate your baby
75%
George (answering machine)Believe it or not, George isn't {at} {home}
67%
Frank CostanzaA {Festivus} for the rest of us
65%
KramerThese {pretzels} are makin' me thirsty
64%
ElaineI had the lobster bisque, we went back to my place, {yada} {yada} {yada},
I never heard from him again
60%
GeorgeYeah, well, the {jerk} store called, they're running out of you
58%
TimmyYou {double}-{dipped} the chip!
57%
ElaineI don't have a {square} to spare
54%
GeorgeThe sea was {angry} that day, my friends
51%
Elaine's business ideaTop of the {muffin} to you!
48%
Kramer (to Jerry)You're a rabid anti-{dentite}
46%
JerryBut I don't wanna be a {pirate}!
45%
George (to the bubble boy)I'm sorry. The card says {Moops}.
39%
GeorgeYou can stuff your {sorries} in a sack, mister
35%

Score Distribution

Percentile by Number Answered

Percent of People with Each Score

Your Score History

You have not taken this quiz since the last reset